|
|
|
|
| LEADER |
01814nam a2200493 i 4500 |
| 001 |
nkc20172875538 |
| 003 |
CZ PrNK |
| 005 |
20170505081008.0 |
| 007 |
ta |
| 008 |
170120s2017 xr e f 000 0 cze |
| 015 |
|
|
|a cnb002875538
|
| 020 |
|
|
|a 978-80-7502-182-3
|q (brožováno)
|
| 035 |
|
|
|a (OCoLC)987017180
|
| 040 |
|
|
|a ABA001
|b cze
|d BOA001
|e rda
|
| 043 |
|
|
|a e-xr---
|
| 072 |
|
7 |
|a 351
|x Úkoly veřejné správy, správní opatření, legislativa
|2 Konspekt
|9 15
|
| 080 |
|
|
|a 351.712
|2 MRF
|
| 080 |
|
|
|a 347.454
|2 MRF
|
| 080 |
|
|
|a (437.3)
|2 MRF
|
| 080 |
|
|
|a (035)
|2 MRF
|
| 100 |
1 |
|
|a Krč, Robert
|7 pna2006370683
|4 aut
|
| 245 |
1 |
0 |
|a Jak uspět při výběrovém řízení podle nového zákona o zadávání veřejných zakázek :
|b praktická příručka nejen pro dodavatele /
|c Robert Krč, Petr Dovolil
|
| 250 |
|
|
|a Vydání první
|
| 264 |
|
1 |
|a Praha :
|b Leges,
|c 2017
|
| 300 |
|
|
|a 207 stran ;
|c 21 cm
|
| 336 |
|
|
|a text
|b txt
|2 rdacontent
|
| 337 |
|
|
|a bez média
|b n
|2 rdamedia
|
| 338 |
|
|
|a svazek
|b nc
|2 rdacarrier
|
| 490 |
1 |
|
|a Praktik
|
| 504 |
|
|
|a Obsahuje bibliografii
|
| 650 |
0 |
7 |
|a veřejné zakázky
|7 ph127085
|z Česko
|2 czenas
|
| 650 |
0 |
7 |
|a výběrová řízení
|7 ph173228
|z Česko
|2 czenas
|
| 650 |
0 |
9 |
|a public contracts
|z Czechia
|2 eczenas
|
| 650 |
0 |
9 |
|a invitations to tender
|z Czechia
|2 eczenas
|
| 655 |
|
7 |
|a příručky
|7 fd133209
|2 czenas
|
| 655 |
|
9 |
|a handbooks and manuals
|2 eczenas
|
| 700 |
1 |
|
|a Dovolil, Petr
|7 xx0211171
|4 aut
|
| 830 |
|
0 |
|a Praktik (Leges)
|0 s
|
| 910 |
2 |
|
|a BOA001
|b 2-1384.640
|
| 990 |
|
|
|a BK
|
| 995 |
|
|
|a 01
|
| 991 |
|
|
|b 201704
|c NOV
|
| 996 |
6 |
|
|b 2610702496
|c 2-1384.640
|l MZK
|r Sklad / do 1 hodiny
|n 7
|p p.v.
|w 001605667
|u 000010
|a 1
|e BOA001
|j MZK50
|s P
|
| 996 |
7 |
|
|b 2610705143
|c 2-1384.640
|l Vol.výběr
|r VV 0p
|n 15
|p kup
|h 35 KRČ
|w 001605667
|u 000020
|a 0
|e BOA001
|j MZK50
|s A
|